Statistics for Countries With the Most and Least Tobacco Consumption

Click here to take the quiz!

General Stats

  • This quiz has been taken 60 times
  • The average score is 16 of 40

Answer Stats

RankCountryAverage Cigarette Consumption (Per Person)% Correct
14China2043
92%
9Russia2295
86%
6India89
78%
3Belarus2911
66%
12Greece2079
64%
5Albania2492
60%
13Niger119
54%
11Slovenia2236
50%
6Belgium2441
48%
7Czech Republic2428
48%
13Hungary2060
46%
10Peru98
46%
19Austria1927
44%
2Luxembourg6331
44%
4Macedonia2785
44%
18Cyprus1961
42%
16Armenia1986
40%
15Democratic Republic of the Congo128
40%
12Ethiopia115
40%
20Georgia1918
38%
8Jordan2307
38%
17Mongolia1982
38%
17Haiti143
36%
1Andorra6398
34%
15Lebanon2038
34%
10Syria2292
34%
20Dominica147
32%
16Eritrea132
32%
14Zimbabwe123
30%
11Guatemala112
28%
8Ecuador93
26%
4Ghana41
26%
3Mauritania30
26%
18Zambia145
24%
19Togo147
22%
5Antigua & Barbuda89
20%
2Guinea-Bissau25
20%
9Rwanda94
20%
7Swaziland92
18%
1Brunei10
10%

Score Distribution

Percentile by Number Answered

Percent of People with Each Score

Your Score History

You have not taken this quiz